000
00319nam a22001337a 4500
008
170418b xxu||||| |||| 00| 0 eng d
020
_a
0914826298
041
_a
eng
080
_a
579
100
_a
11
101
_a
SHM
245
_a
MANUALA OF METHODS FOR GENERAL BACTERIOLOGY
_c
GERHARDT.P
942
_2
udc
_c
BK
999
_c
10957
_d
10957